El alcalde de Móstoles (Record no. 163831)

MARC details
000 -LEADER
campo de control de longitud fija 00759nam a2200193 i 4500
001 - NÚMERO DE CONTROL
campo de control 163831
003 - IDENTIFICADOR DE NÚMERO DE CONTROL
campo de control ES-MaACL
005 - FECHA Y HORA DE LA ÚLTIMA TRANSACCIÓN
campo de control 20251012063058.0
008 - DATOS DE LONGITUD FIJA--INFORMACIÓN GENERAL
campo de control de longitud fija 950206s1898 sp |||| | spa d
040 ## - FUENTE DE CATALOGACIÓN
Centro catalogador/agencia de origen AS
100 1# - ENTRADA PRINCIPAL--NOMBRE DE PERSONA
Nombre de persona Rodríguez-Solís, Enrique,
Fechas asociadas al nombre 1844-1925
9 (RLIN) 143714
245 13 - MENCIÓN DEL TÍTULO
Título El alcalde de Móstoles
Resto del título : narración histórica /
Mención de responsabilidad, etc. [E. Rodríguez Solis].
260 ## - PUBLICACIÓN, DISTRIBUCIÓN, ETC.
Lugar de publicación, distribución, etc. Madrid :
Nombre del editor, distribuidor, etc. Oficinas de "La Última Moda,
Fecha de publicación, distribución, etc. 1898.
300 ## - DESCRIPCIÓN FÍSICA
Extensión 39 p. :
Otras características físicas il. ;
Dimensiones 19 cm.
594 ## - Nota al título y mención de responsabilidad
Nota al título y mención de responsabilidad Autor tomado de fin de texto.
600 17 - PUNTO DE ACCESO ADICIONAL DE MATERIA--NOMBRE DE PERSONA
Nombre de persona Torrejón, Andrés,
Fechas asociadas al nombre n. 1736
Fuente del encabezamiento o término
9 (RLIN) 164577
852 ## - LOCALIZACIÓN
Ubicación ES-MaACL
Número de control de estantería Fol-Laf-386
Nota libre -- Rúst.
-- -- Legado de Modesto de La Fuente
Encuadernación -- Edic.: añadir T440 (Glorias de España: lecturas patrióticas; 3)
Holdings
Estatus retirado Estado de pérdida Estado de daño No para préstamo Colección Biblioteca de origen Biblioteca actual Ubicación en estantería Fecha de adquisición Fuente de adquisición Total de préstamos Signatura topográfica completa Código de barras Visto por última vez Precio de reemplazo Tipo de ítem Koha
        Colección de folletos Biblioteca del Ateneo de Madrid Biblioteca del Ateneo de Madrid Depósito folletos 17/01/2008     Fol-Laf-386 1171695 23/02/2023 23/02/2023 Folleto